MARC

LEADER 00000nam0a2200000 4500
001 306420
005 20231102001907.0
035 |a (RuTPU)RU\TPU\book\331697 
090 |a 306420 
100 |a 20151007d1954 km y0rusy50 ca 
101 0 |a rus 
102 |a UA 
105 |a a j 001zy 
200 1 |a Атлас по теории механизмов и машин  |e [учебное пособие]  |f Е. С. Безвесельный 
210 |a Харьков  |c Изд-во ХГУ  |d 1954 
215 |a 127 .  |c ил.  |e 117 л. чертежей 
320 |a Библиогр.: с. 127. 
606 1 |a Механизмы и машины  |x Теория  |2 stltpush  |3 (RuTPU)RU\TPU\subj\64695  |9 81456 
610 1 |a атласы 
610 1 |a учебные пособия 
610 1 |a расчетно-графические работы 
610 1 |a курсовое проектирование 
610 1 |a рычажные механизмы 
610 1 |a шарнирные механизмы 
610 1 |a зубчатые механизмы 
610 1 |a кулачковые механизмы 
610 1 |a оформление 
610 1 |a образцы 
675 |a 621.01(075.8)(084)  |v 4 
700 1 |a Безвесельный  |b Е. С.  |g Ефим Семенович 
801 1 |a RU  |b 63413507  |c 20151007 
801 2 |a RU  |b 63413507  |c 20221027  |g RCR 
942 |c BK